000
00292nam a2200121Ia 4500
008
191201s2009 xx 000 0 und d
100
_a
BERSON,Alex
245
0
_a
Data Warehousing, data mining and OLAP
260
_c
2009
_b
TMH
_a
N. delhi
300
_a
612
650
_a
CSE
942
_2
ddc
_c
BB
_0
1
999
_c
7711
_d
7711